[Event "GER-ch52 final email"]
[Site "GER email"]
[Date "2022.04.15"]
[Round "?"]
[White "Hesse, Olaf"]
[Black "Ketelhoehn, Bernd"]
[Result "1/2-1/2"]
[WhiteElo "2447"]
[BlackElo "2370"]
[PlyCount "127"]
[EventDate "2022.??.??"]
[EventType "tourn (corr)"]
[EventRounds "14"]
[EventCountry "GER"]
[SourceTitle "Corr 2024"]
[Source "ChessBase"]
[SourceDate "2023.10.19"]
[SourceVersion "1"]
[SourceVersionDate "2023.10.19"]
[SourceQuality "1"]

1. e4 c6 2. d4 d5 3. e5 c5 4. Nf3 Nc6 5. dxc5 Bg4 6. c3 e6 7. Be3 a6 8. Nbd2 Nxe5 9. Qa4+ Qd7 10. Qf4 Bxf3 11. Nxf3 Ng6 12. Qg3 Nf6 13. Bd3 Nh5 14. Qg5 Nf6 15. 0-0 Be7 16. Bd4 0-0 17. b4 Qc7 18. Qg3 Qxg3 19. hxg3 Ng4 20. a4 Bf6 21. Bxf6 Nxf6 22. Bxg6 hxg6 23. a5 Rfe8 24. Rfe1 Rad8 25. Re3 Kf8 26. Kf1 Nd7 27. Rae1 Nb8 28. Nd4 Nc6 29. f4 Ke7 30. Ke2 Kf6 31. Rf3 g5 32. Ref1 g4 33. R3f2 Rh8 34. Rd1 g6 35. Kd3 Kg7 36. Re2 Rh5 37. Kc2 Rc8 38. Kb3 Ne7 39. Red2 Kf6 40. c4 dxc4+ 41. Kxc4 Rch8 42. Ne2 Nd5 43. Kb3 Rh1 44. Nc3 Nxc3 45. Kxc3 Rxd1 46. Rxd1 Rh2 47. Rd2 Ke7 48. Kc4 Rh1 49. Rd6 Rc1+ 50. Kb3 Rb1+ 51. Kc3 Rc1+ 52. Kd2 Rg1 53. Rb6 Rxg2+ 54. Ke1 Rxg3 55. Rxb7+ Kf6 56. Kf2 Rc3 57. Kg2 Rc4 58. Kg3 g5 59. fxg5+ Kxg5 60. Rxf7 Rxb4 61. Rg7+ Kf6 62. Ra7 Kf5 63. Rxa6 Rb3+ 64. Kg2 1/2-1/2

[Event "GER-ch52 final email"]
[Site "GER email"]
[Date "2022.04.15"]
[Round "?"]
[White "Hesse, Olaf"]
[Black "Koestner, Wolfgang"]
[Result "1/2-1/2"]
[WhiteElo "2447"]
[BlackElo "2367"]
[PlyCount "98"]
[EventDate "2022.??.??"]
[EventType "tourn (corr)"]
[EventRounds "14"]
[EventCountry "GER"]
[SourceTitle "Corr 2024"]
[Source "ChessBase"]
[SourceDate "2023.10.19"]
[SourceVersion "1"]
[SourceVersionDate "2023.10.19"]
[SourceQuality "1"]

1. e4 c5 2. Nf3 d6 3. d4 cxd4 4. Nxd4 Nf6 5. Nc3 a6 6. Bd3 e6 7. f4 Nbd7 8. a4 Nc5 9. 0-0 Be7 10. Kh1 0-0 11. Be3 Nxd3 12. cxd3 Bd7 13. a5 Rb8 14. Qe2 Rc8 15. h3 h6 16. Rf2 Nh7 17. Nf3 Bc6 18. Nd4 Bf6 19. Rf3 Bd7 20. Qd1 Qc7 21. Qd2 Rfe8 22. Kh2 Bd8 23. Nde2 Bc6 24. Bb6 Qd7 25. Bxd8 Qxd8 26. Rf2 Nf6 27. Qe3 Rf8 28. Ra3 Re8 29. d4 b6 30. axb6 Qxb6 31. Ng3 Bb7 32. e5 Nd5 33. Qd3 Nb4 34. Qe3 Nd5 35. Nxd5 Bxd5 36. Nh5 Kh8 37. f5 dxe5 38. Qxe5 Qb8 39. fxe6 Qxe5+ 40. dxe5 Bxe6 41. Rxa6 Rc5 42. Nf4 Bc4 43. e6 fxe6 44. Ra7 Rf5 45. Ng6+ Kh7 46. Rxf5 exf5 47. Ne7 Bd3 48. Nd5 Rb8 49. b4 Bc4 1/2-1/2

[Event "GER-ch52 final email"]
[Site "GER email"]
[Date "2022.04.15"]
[Round "?"]
[White "Hesse, Olaf"]
[Black "Mislin, Roger"]
[Result "1/2-1/2"]
[WhiteElo "2447"]
[BlackElo "2345"]
[PlyCount "103"]
[EventDate "2022.??.??"]
[EventType "tourn (corr)"]
[EventRounds "14"]
[EventCountry "GER"]
[SourceTitle "Corr 2024"]
[Source "ChessBase"]
[SourceDate "2023.10.19"]
[SourceVersion "1"]
[SourceVersionDate "2023.10.19"]
[SourceQuality "1"]

1. e4 c5 2. Nc3 Nc6 3. Nf3 e5 4. Bc4 Be7 5. d3 Nf6 6. Bg5 0-0 7. Bxf6 Bxf6 8. Nd5 d6 9. h4 Nb4 10. Ne3 b5 11. Bb3 Rb8 12. a4 a6 13. Qe2 Nc6 14. axb5 axb5 15. c3 Qe8 16. 0-0 Bd8 17. Ra2 g6 18. Rfa1 Kh8 19. Bd5 f5 20. Qd1 h6 21. Bxc6 Qxc6 22. c4 b4 23. Nd5 Qe8 24. Qc1 f4 25. Ra8 Rxa8 26. Rxa8 Qd7 27. Qd1 Kg7 28. Qa1 Rf7 29. b3 Bb7 30. Rb8 Rf8 31. Qa4 Bc6 32. Qa6 g5 33. hxg5 hxg5 34. Nh2 g4 35. Nf1 Kg6 36. Qc8 Qxc8 37. Rxc8 Bb7 38. Rb8 Bc6 39. Nh2 Kg5 40. Nc7 Bd7 41. g3 Be7 42. Rxf8 Bxf8 43. Nd5 Be8 44. Kg2 f3+ 45. Kg1 Bh5 46. Nc7 Bf7 47. Nf1 Be7 48. Ne3 Bf8 49. Ncd5 Be6 50. Nc7 Bd7 51. Ned5 Kg6 52. Nb6 1/2-1/2

[Event "GER-ch52 final email"]
[Site "GER email"]
[Date "2022.04.15"]
[Round "?"]
[White "Jung, Reiner"]
[Black "Hesse, Olaf"]
[Result "0-1"]
[WhiteElo "2380"]
[BlackElo "2447"]
[PlyCount "40"]
[EventDate "2022.??.??"]
[EventType "tourn (corr)"]
[EventRounds "14"]
[EventCountry "GER"]
[SourceTitle "Corr 2024"]
[Source "ChessBase"]
[SourceDate "2023.10.19"]
[SourceVersion "1"]
[SourceVersionDate "2023.10.19"]
[SourceQuality "1"]

1. d4 d5 2. c4 e6 3. Nc3 Nf6 4. Nf3 c6 5. e3 Nbd7 6. Qc2 Bd6 7. Bd3 0-0 8. 0-0 dxc4 9. Bxc4 b5 10. Bd3 Bb7 11. Rd1 b4 12. Na4 c5 13. dxc5 Rc8 14. Qe2 Nxc5 15. Nxc5 Rxc5 16. Bd2 Qa8 17. e4 Rh5 18. Re1 Rd8 19. a3 bxa3 20. b4 a5 0-1

[Event "GER-ch52 final email"]
[Site "GER email"]
[Date "2022.04.15"]
[Round "?"]
[White "Muhl, Christian"]
[Black "Hesse, Olaf"]
[Result "1/2-1/2"]
[WhiteElo "2412"]
[BlackElo "2447"]
[PlyCount "78"]
[EventDate "2022.??.??"]
[EventType "tourn (corr)"]
[EventRounds "14"]
[EventCountry "GER"]
[SourceTitle "Corr 2024"]
[Source "ChessBase"]
[SourceDate "2023.10.19"]
[SourceVersion "1"]
[SourceVersionDate "2023.10.19"]
[SourceQuality "1"]

1. e4 c5 2. Nf3 d6 3. d4 cxd4 4. Nxd4 Nf6 5. Nc3 a6 6. Be3 Ng4 7. Bg5 h6 8. Bh4 g5 9. Bg3 Bg7 10. Qd2 Nc6 11. Nb3 b5 12. h4 gxh4 13. Rxh4 Nge5 14. 0-0-0 Rb8 15. Nd4 Nxd4 16. Qxd4 Rg8 17. Bxe5 Bxe5 18. Qa7 Rg4 19. Rxg4 Bxg4 20. Be2 Ra8 21. Qb7 Qc8 22. Qxc8+ Bxc8 23. Nd5 Ra7 24. f4 Bg7 25. Ne3 b4 26. Bg4 Be6 27. Bxe6 fxe6 28. Nc4 Rc7 29. b3 Rc5 30. Rh1 Kf7 31. g4 e5 32. g5 hxg5 33. fxg5 Kg6 34. Kd2 d5 35. exd5 Rxd5+ 36. Ke2 Kxg5 37. a3 bxa3 38. Rg1+ Kf6 39. Ra1 e6 1/2-1/2

[Event "GER-ch52 V01 email"]
[Site "GER email"]
[Date "2020.04.16"]
[Round "?"]
[White "Moebius, Manfred"]
[Black "Hesse, Olaf"]
[Result "0-1"]
[WhiteElo "2033"]
[BlackElo "2446"]
[PlyCount "74"]
[EventDate "2020.??.??"]
[EventType "tourn (corr)"]
[EventRounds "10"]
[EventCountry "GER"]
[SourceTitle "Corr 2022"]
[Source "ChessBase"]
[SourceDate "2021.10.24"]
[SourceVersion "1"]
[SourceVersionDate "2021.10.24"]
[SourceQuality "1"]

1. d4 d5 2. Nc3 Nf6 3. Nf3 e6 4. g3 c5 5. Bg2 Nc6 6. 0-0 Be7 7. dxc5 Bxc5 8. a3 0-0 9. b4 Be7 10. Bf4 b6 11. Qd3 Bb7 12. Rfc1 h6 13. h3 Rc8 14. Rd1 a5 15. b5 Nb8 16. a4 Nbd7 17. Nb1 Ne4 18. c3 Bc5 19. Be3 f5 20. Bxc5 Ndxc5 21. Qe3 g5 22. Ra3 f4 23. gxf4 gxf4 24. Qd4 Rc7 25. Nbd2 Nxd2 26. Qxd2 Rg7 27. c4 d4 28. Kh2 e5 29. Rg1 Qf6 30. Ne1 e4 31. f3 e3 32. Qd1 Kh8 33. Nd3 Rfg8 34. Nxc5 bxc5 35. Qe1 Rg3 36. Ra1 Bc8 37. Qf1 d3 0-1